000 00572nam a2200205Ia 4500
005 20250508162941.0
008 008 250505s9999 xx 000 0 eng d
020 _a81-7041-780-5
037 _aTextual
040 _aFEDL
_beng
_cFEDL
041 _aeng
_2eng
084 _a371.2, VAS
_qFEDL
100 _aVashist S R Ed.
_9774495
245 0 _aFuture of supervision
260 _aNew Delhi, India
_bAnmol Publications Pvt Ltd
_c1994
300 _a296p.
650 _aSchool Administration
942 _cTEXL
_h371.2, VAS
999 _c1379602
_d1379602